[Event "Buenos Aires ol (Men)"]
[Site "Buenos Aires"]
[Date "1978.??.??"]
[Round "?"]
[White "Nunn, John DM"]
[Black "Hoi, Carsten"]
[Result "1-0"]
[WhiteElo "2440"]
[BlackElo "2340"]

1.e4 d6 2.d4 Nf6 3.Nc3 g6 4.f4 Bg7 5.Nf3 O-O 6.Bd3 Nc6 7.O-O Bg4 8.e5 dxe5
9.dxe5 Nd5 10.h3 Nxc3 11.bxc3 Bf5 12.Be3 Qd7 13.Qe2 Rfd8 14.Rad1 Bxd3 15.cxd3 Qd5
16.c4 Qa5 17.d4 e6 18.Ng5 Ne7 19.Ne4 b5 20.cxb5 Rab8 21.Rb1 Nd5 22.Bf2 h6
23.Bh4 Re8 24.Rb3 Qa4 25.Qb2 Bf8 26.Nf6+ Nxf6 27.Bxf6 Rb7 28.d5 Bc5+ 29.Kh1 exd5
30.f5 Qe4 31.Qc1 Bf8 32.Rf4 Qe2 33.fxg6 fxg6 34.Qb1  1-0

[Event "Buenos Aires ol (Men)"]
[Site "Buenos Aires"]
[Date "1978.??.??"]
[Round "?"]
[White "Nunn, John DM"]
[Black "Hecht, Hans Joachim"]
[Result "1/2-1/2"]
[WhiteElo "2440"]
[BlackElo "2480"]

1.e4 e5 2.Nf3 Nc6 3.Bc4 Bc5 4.b4 Bb6 5.a4 a5 6.b5 Nd4 7.Nxd4 Bxd4 8.c3 Bb6
9.d4 Qe7 10.O-O d6 11.f4 Be6 12.Na3 exd4 13.cxd4 O-O-O 14.Be2 Nf6 15.Bf3 d5
16.e5 Ne4 17.Nc2 h5 18.Ba3 Qd7 19.Ne3 Kb8 20.Rc1 h4 21.Qd3 f5 22.exf6  1/2-1/2

[Event "Buenos Aires ol (Men)"]
[Site "Buenos Aires"]
[Date "1978.??.??"]
[Round "?"]
[White "Nunn, John DM"]
[Black "Bhend, Edwin"]
[Result "1-0"]
[WhiteElo "2440"]
[BlackElo "2345"]

1.e4 c5 2.Nf3 Nc6 3.d4 cxd4 4.Nxd4 Nf6 5.Nc3 e5 6.Ndb5 d6 7.Bg5 a6 8.Na3 b5
9.Bxf6 gxf6 10.Nd5 f5 11.Bxb5 axb5 12.Nxb5 Rb8 13.Nbc7+ Kd7 14.Qh5 Nd4 15.O-O Kc6
16.b4 fxe4 17.c3 Ne6 18.b5+ Kb7 19.b6 Kc6 20.Rab1 Qg5 21.Qe2 Nc5 22.b7 Nd3
23.Qxe4 Nc5 24.Qc4 Rxb7 25.Rxb7  1-0

[Event "Buenos Aires ol (Men)"]
[Site "Buenos Aires"]
[Date "1978.??.??"]
[Round "?"]
[White "Csom, Istvan"]
[Black "Nunn, John DM"]
[Result "1-0"]
[WhiteElo "2510"]
[BlackElo "2440"]

1.c4 Nf6 2.Nf3 e6 3.b3 b6 4.g3 Bb7 5.Bg2 Be7 6.O-O O-O 7.Bb2 c5 8.Nc3 d5
9.e3 dxc4 10.bxc4 Nc6 11.Qe2 Rc8 12.Rfd1 Na5 13.d3 a6 14.Rab1 Qc7 15.Ba1 Nd7
16.Bh3 Bf6 17.Ne1 Qc6 18.Bg2 Qc7 19.Bf1 Qc6 20.Bg2 Qc7 21.f3 Rfd8 22.Nc2 Bc6
23.f4 Nb7 24.e4 Nb8 25.e5 Be7 26.Ne4 Ba4 27.Rd2 Nc6 28.Ne1 Nd4 29.Qg4 Kh8
30.Rdb2 b5 31.Nc3 Na5 32.Nxa4 bxa4 33.Qd1 Rb8 34.Rxb8 Rxb8 35.Rxb8+ Qxb8
36.Qxa4 Nac6 37.Kf1 Qc8 38.Bxd4 Nxd4 39.Bb7 Qg8 40.Qxa6 g5 41.Qa8  1-0

[Event "Buenos Aires ol (Men)"]
[Site "Buenos Aires"]
[Date "1978.??.??"]
[Round "?"]
[White "Vaganian, Rafael A"]
[Black "Nunn, John DM"]
[Result "1-0"]
[WhiteElo "2570"]
[BlackElo "2440"]

1.Nf3 d5 2.c4 e6 3.g3 c5 4.Bg2 Nc6 5.cxd5 exd5 6.d4 Nf6 7.O-O Be7 8.Nc3 O-O
9.Bg5 cxd4 10.Nxd4 h6 11.Be3 Re8 12.Qa4 Bd7 13.Rad1 Nb4 14.Qb3 a5 15.a4 Bf8
16.Nc2 Be6 17.Bd4 Ne4 18.Nxb4 axb4 19.Nb5 Qa5 20.Bxe4 dxe4 21.Qe3 Rac8 22.b3 Qa6
23.Rc1 Bh3 24.Nc7 Rxc7 25.Rxc7 Bxf1 26.Kxf1 Bd6 27.Rc4 b5 28.axb5 Qxb5 29.Bc5 Bxc5
30.Rxc5 Qd7 31.Kg2 Re6 32.Rc4 Qd6 33.Qd4 Qa6 34.Qd7 e3 35.Rc7 Rf6 36.Qe8+ Kh7
37.Qe4+ g6 38.Qxe3 Qa8+ 39.f3 Qd5 40.Qe7 Rf5 41.Qxb4 Qd1 42.Qc4  1-0

[Event "Aaronson"]
[Site "London"]
[Date "1978.??.??"]
[Round "1"]
[White "Large, Peter G"]
[Black "Nunn, John DM"]
[Result "0-1"]
[WhiteElo "2275"]
[BlackElo "2440"]

1.e4 c5 2.Nf3 d6 3.d4 cxd4 4.Nxd4 Nf6 5.Nc3 a6 6.Bc4 e6 7.a3 Be7 8.Ba2 O-O
9.O-O Nc6 10.Be3 Bd7 11.f4 Nxd4 12.Qxd4 Ng4 13.Kh1 Bf6 14.e5 Nxe3 15.Qxe3 dxe5
16.fxe5 Bg5 17.Qh3 Bc6 18.Rad1 Qe7 19.Bc4 Rad8 20.Bd3 g6 21.Rf2 Qc5 22.Qg3 Qe3
23.Re2 Qxg3 24.hxg3 Kg7 25.Ne4 Be7 26.Rf1 h5 27.Kh2 Rd4 28.Rf4 a5 29.Nd2 Rfd8
30.Ref2 Rxf4 31.gxf4 Bc5 32.Re2 Bd4 33.Nb3 Bxb2 34.Nxa5 Bxa3 35.Nxc6 bxc6
36.Re4 c5 37.g3 Bb4 38.Kg2 Bc3 39.Ra4 Bd4 40.Kf3 Rb8 41.Kg2 Rb1 42.Ra3 Rg1+
43.Kh2 h4 44.Be4 Re1 45.Bf3 g5 46.gxh4 gxf4 47.Bg2 Bxe5 48.Kh3 f5 49.Ra5 Re3+  0-1

[Event "Aaronson"]
[Site "London"]
[Date "1978.??.??"]
[Round "2"]
[White "Nunn, John DM"]
[Black "Littlewood, Paul E"]
[Result "0-1"]
[WhiteElo "2440"]
[BlackElo "2345"]

1.e4 e5 2.Nf3 Nc6 3.Bb5 a6 4.Ba4 Nf6 5.O-O Be7 6.Re1 b5 7.Bb3 O-O 8.d4 d6
9.c3 Bg4 10.d5 Na5 11.Bc2 c6 12.h3 Bc8 13.dxc6 Qc7 14.Nbd2 Qxc6 15.Nf1 Nc4
16.Ng3 Re8 17.a4 Bf8 18.b3 Nb6 19.a5 Nbd7 20.Bd2 Bb7 21.b4 h6 22.Rc1 Rad8
23.c4 bxc4 24.Bb3 Qc8 25.Bxc4 Qa8 26.Qb3 d5 27.exd5 e4 28.Nh4 Ne5 29.Bc3 Bxd5
30.Bxd5 Qxd5 31.Qxd5 Nxd5 32.Rxe4 Nd3 33.Rxe8 Rxe8 34.Rd1 Nxc3 35.Rxd3 Bxb4
36.Nhf5 g6 37.Nxh6+ Kg7 38.Ng4 Bxa5 39.Rd7 Bb4 40.h4 Ne2+ 41.Nxe2 Rxe2 42.Ne3 a5
43.Ra7 Ra2 44.Kf1 a4 45.g4 a3 46.Ra4 Rb2 47.Kg2 Bc5 48.Kf3 a2 49.h5 Rd2 50.hxg6 fxg6
51.Ra6 Bd4 52.Nc4 Rxf2+ 53.Kg3 Rc2  0-1

[Event "Aaronson"]
[Site "London"]
[Date "1978.??.??"]
[Round "3"]
[White "Nunn, John DM"]
[Black "Bellin, Robert"]
[Result "1/2-1/2"]
[WhiteElo "2440"]
[BlackElo "2415"]

1.e4 e5 2.Nf3 Nf6 3.Nxe5 d6 4.Nc4 Nxe4 5.Nc3 Nxc3 6.bxc3 Be7 7.d4 O-O 8.Bd3 c5
9.O-O Nc6 10.d5 Na5 11.Ne3 Bf6 12.Bd2 c4 13.Nxc4 Nxc4 14.Bxc4 Qc7 15.Qe2 Bd7
16.Bd3 Bxc3 17.Bxh7+ Kxh7 18.Qd3+ Kg8 19.Bxc3 Rfc8 20.Bb4  1/2-1/2

[Event "Aaronson"]
[Site "London"]
[Date "1978.??.??"]
[Round "4"]
[White "Basman, Michael J"]
[Black "Nunn, John DM"]
[Result "1-0"]
[WhiteElo "2395"]
[BlackElo "2440"]

1.e4 c5 2.f4 Nc6 3.Nc3 g6 4.Nf3 Bg7 5.Be2 d6 6.O-O Nf6 7.Qe1 Nd4 8.Bd1 O-O
9.h3 Rb8 10.d3 b5 11.Nxd4 cxd4 12.Ne2 Qb6 13.Kh1 Bb7 14.Bd2 Nd7 15.Ba5 Qc6
16.c3 dxc3 17.Nxc3 Nc5 18.Qe3 e6 19.Rc1 Qa6 20.b4 Rbc8 21.Be2 f5 22.a4 Bxc3
23.axb5 Qxb5 24.Rxc3 Ba6 25.Rfc1 fxe4 26.bxc5 Qxa5 27.Qxe4 Rxc5 28.Qxe6+ Rf7
29.Rxc5 dxc5 30.Bf3 Qa4 31.Bd5 Qxf4 32.Re1 Bb5 33.Qc8+ Kg7 34.Bxf7 Qxf7 35.Qxc5 Qf5
36.Qxa7+ Kh6 37.Qe3+ Kg7 38.Qd4+ Kf7 39.Qa7+ Kf6 40.Qe7+  1-0

[Event "Aaronson"]
[Site "London"]
[Date "1978.??.??"]
[Round "7"]
[White "Nunn, John DM"]
[Black "Crouch, Colin S"]
[Result "1-0"]
[WhiteElo "2440"]
[BlackElo "2300"]

1.e4 e5 2.Nf3 Nc6 3.Bc4 Nf6 4.d3 Bc5 5.c3 d6 6.b4 Bb6 7.a4 a5 8.b5 Nb8 9.O-O O-O
10.Nbd2 h6 11.Ba2 Nbd7 12.d4 Nh7 13.Nc4 Qf6 14.Ne3 exd4 15.cxd4 Ng5 16.Nxg5 Qxg5
17.f4 Qe7 18.Bb1 Re8 19.Kh1 Qd8 20.Ra3 Nf6 21.e5 dxe5 22.fxe5 Nh7 23.Ba2 Ng5
24.Nd5 Be6 25.Nxb6 cxb6 26.d5 Bd7 27.Qd4 Qe7 28.Re3 Rac8 29.Ba3 Qd8 30.h4 Nh7
31.e6 Bxe6 32.dxe6  1-0

[Event "Aaronson"]
[Site "London"]
[Date "1978.??.??"]
[Round "8"]
[White "Garbett, Paul Anthony"]
[Black "Nunn, John DM"]
[Result "1/2-1/2"]
[WhiteElo "2310"]
[BlackElo "2440"]

1.e4 c5 2.Nf3 d6 3.d4 cxd4 4.Nxd4 Nf6 5.Nc3 a6 6.f4 Nbd7 7.a4 g6 8.Be2 Bg7
9.O-O O-O 10.Bf3 Qc7 11.Kh1 e5 12.fxe5 dxe5 13.Nb3 b6 14.Qe1 Bb7 15.Qh4 Bc6
16.Be2 b5 17.Bd3 b4 18.Ne2 Nh5 19.Bg5 f6 20.Bd2 a5 21.g4 Nf4 22.Bxf4 exf4
23.Nxf4 Ne5 24.Ne6 Qd6 25.Nxf8 Nxd3 26.cxd3 Qxd3 27.Qxh7+ Kxf8 28.Nc5 Bxe4+
29.Nxe4 Qxe4+ 30.Kg1 Qxg4+ 31.Kh1 Qe4+ 32.Kg1 Rd8 33.Rae1 Qd4+  1/2-1/2

[Event "Aaronson"]
[Site "London"]
[Date "1978.??.??"]
[Round "9"]
[White "Nunn, John DM"]
[Black "Wicker, Kevin J"]
[Result "1-0"]
[WhiteElo "2440"]
[BlackElo "2305"]

1.e4 g6 2.d4 Bg7 3.Nc3 c6 4.Bc4 b5 5.Bb3 a5 6.a4 b4 7.Nce2 d5 8.e5 Bf5 9.Ng3 Qd7
10.c3 Na6 11.Nxf5 Qxf5 12.Bc2 Qd7 13.Nf3 e6 14.O-O h6 15.Bd3 Ne7 16.Bxa6 Rxa6
17.cxb4 axb4 18.Bd2 c5 19.dxc5 Nc6 20.Be3 O-O 21.Qd2 Kh7 22.b3 Rb8 23.Bf4 Qc7
24.Rac1 Ra5 25.Rfe1 Rd8 26.Nd4 Nxd4 27.Qxd4 Rc8 28.Qxb4 Rxc5 29.Rxc5 Qxc5
30.Qxc5 Rxc5 31.Rc1 Rxc1+ 32.Bxc1 Bxe5 33.a5 Bc7 34.a6 Bb6 35.Bf4 d4 36.Kf1 Kg7
37.Bc7 Ba7 38.b4 Kf6 39.b5  1-0

[Event "Aaronson"]
[Site "London"]
[Date "1978.??.??"]
[Round "10"]
[White "Nunn, John DM"]
[Black "Short, Nigel D"]
[Result "1-0"]
[WhiteElo "2440"]
[BlackElo "2225"]

1.e4 e6 2.d4 d5 3.Nd2 Nf6 4.e5 Nfd7 5.Ngf3 c5 6.c3 Nc6 7.Bd3 cxd4 8.cxd4 Qb6
9.O-O Be7 10.Re1 O-O 11.Nf1 f6 12.exf6 Nxf6 13.Ng3 Bd7 14.a3 a5 15.b3 Rae8
16.Bb2 Bd6 17.Bc2 Bc8 18.Rc1 Bf4 19.Rb1 Qd8 20.Qd3 g6 21.Rbd1 Ng4 22.Re2 b6
23.h3 Nf6 24.Ne5 Nxe5 25.dxe5 Nd7 26.b4 Qg5 27.Rde1 Bb7 28.Ba4 Re7 29.Bd4 axb4
30.axb4 Bc8 31.Nf1 Ref7 32.g3 Rf5 33.Bxd7 Bxd7 34.Kh2 Bc1 35.f4 Bxf4 36.gxf4 Qxf4+
37.Ng3 Rg5 38.Rg2 Bb5 39.Qe3 Qh4 40.Bxb6 Rf4 41.Bd8 h6 42.Bxg5 hxg5 43.Rf2 d4
44.Qd2 Rg4 45.Ne4 Rxe4 46.Rxe4 Qxe4 47.Qxg5 Be8 48.Qf6 Kh7 49.Qe7+ Kh6 50.Qf8+ Kh7
51.Qf4 Qd5 52.b5 d3 53.b6 Bc6 54.Kg3 Be8 55.Qg5 Qe4 56.Qh4+  1-0

[Event "BCF-ch"]
[Site "Chester"]
[Date "1979.??.??"]
[Round "2"]
[White "Penrose, Jonathan"]
[Black "Nunn, John DM"]
[Result "0-1"]
[WhiteElo "2420"]
[BlackElo "2500"]

1.e4 c5 2.Nf3 d6 3.d4 Nf6 4.Nc3 cxd4 5.Nxd4 a6 6.Be2 Nbd7 7.f4 e5 8.Nf5 Nc5
9.Ng3 Qb6 10.f5 Bd7 11.Rb1 Bc6 12.Be3 Qc7 13.Nd5 Bxd5 14.exd5 b5 15.O-O Be7
16.Qd2 O-O 17.c4 bxc4 18.Rfc1 Qb7 19.Bxc4 Rfc8 20.h3 Ncd7 21.Bb3 Qb5 22.Ne2 Nb6
23.Nc3 Qb4 24.Bxb6 Qxb6+ 25.Kh2 h6 26.Qd3 Qf2 27.Rf1 Qh4 28.g3 Qb4 29.Rfe1 Rc7
30.Bc2 Rc4 31.Bb3 Rd4 32.Qe2 h5 33.Rbd1 h4 34.Rxd4 hxg3+ 35.Kxg3 Qxd4 36.Qe3 Qb4
37.Ne4 Rc8 38.Nxf6+ Bxf6 39.Re2 a5 40.Qe4 Qb6 41.Bc4 Qg1+ 42.Rg2 Rxc4 43.Qxc4 Qe3+
44.Kh2 e4 45.Re2 Be5+ 46.Kg2 Qf3+ 47.Kg1 Bd4+ 48.Qxd4 Qxe2 49.a3 Qe1+ 50.Kg2 e3
51.Qf4 e2  0-1

[Event "BCF-ch"]
[Site "Chester"]
[Date "1979.??.??"]
[Round "4"]
[White "Miles, Anthony J"]
[Black "Nunn, John DM"]
[Result "1-0"]
[WhiteElo "2560"]
[BlackElo "2500"]

1.d4 Nf6 2.c4 c5 3.d5 e6 4.Nc3 exd5 5.cxd5 d6 6.e4 g6 7.Bd3 Bg7 8.Nge2 O-O
9.O-O a6 10.a4 Nbd7 11.Kh1 Rb8 12.a5 Re8 13.Bc2 b5 14.axb6 Rxb6 15.f3 Rb4
16.b3 a5 17.Ra3 Ba6 18.Bd2 c4 19.Na2 cxb3 20.Nxb4 axb4 21.Rxb3 Nxd5 22.Bd3 Bxd3
23.Rxd3 Nc3 24.Nxc3 Ne5 25.Rd5 bxc3 26.Bxc3 Qh4 27.Qe1 Qe7 28.Qa1 Rc8 29.Rc1 h5
30.Bxe5 Rxc1+ 31.Qxc1 dxe5 32.g3 Qf6 33.Kg2 Qa6 34.Qc2 Bf6 35.Rc5 Kg7 36.Rc7 Qb5
37.Qa2 Qe8 38.Qd5 h4 39.Qc6 Qb8 40.Rb7 Qf8 41.Qe6 hxg3 42.hxg3 Qg8 43.Ra7 Qf8
44.Rc7 Qg8 45.Qc8  1-0

[Event "BCF-ch"]
[Site "Chester"]
[Date "1979.??.??"]
[Round "5"]
[White "Nunn, John DM"]
[Black "Hebden, Mark"]
[Result "1-0"]
[WhiteElo "2500"]
[BlackElo "2230"]

1.e4 e5 2.Nf3 Nc6 3.Bb5 a6 4.Ba4 Nf6 5.O-O Be7 6.Bxc6 dxc6 7.d3 Nd7 8.Nbd2 O-O
9.Nc4 f6 10.Ne3 Nc5 11.Kh1 a5 12.a4 Re8 13.b3 Ne6 14.Nf5 Bf8 15.N3h4 g6 16.Ne3 Bg7
17.Bb2 Nd4 18.g3 c5 19.Nhg2 Ra6 20.c3 Ne6 21.Nc4 Nf8 22.Qc2 Be6 23.Rad1 Bf7
24.Nge3 Qa8 25.f3 Rd8 26.d4 cxd4 27.cxd4 exd4 28.Bxd4 Rc6 29.Qb2 b6 30.Bc3 Rxd1
31.Rxd1 Qe8 32.Nd5 Nd7 33.g4 h6 34.h4 Kf8 35.g5 hxg5 36.hxg5 Qe6 37.Kg2 Kg8
38.Qd2 Ne5 39.gxf6 Nxc4 40.bxc4 Bf8  1-0

[Event "BCF-ch"]
[Site "Chester"]
[Date "1979.??.??"]
[Round "7"]
[White "Nunn, John DM"]
[Black "Large, Peter G"]
[Result "1-0"]
[WhiteElo "2500"]
[BlackElo "2265"]

1.e4 c5 2.Nf3 Nc6 3.d4 cxd4 4.Nxd4 Nf6 5.Nc3 d6 6.Bc4 e6 7.Be3 Be7 8.Qe2 O-O
9.O-O-O a6 10.Bb3 Qe8 11.f4 b5 12.f5 Nxd4 13.Rxd4 exf5 14.Rf1 Nxe4 15.Nxe4 fxe4
16.Rxe4 Bb7 17.Rg4 d5 18.Bd4 f6 19.c3 Qd7 20.Bc2 g6 21.Bxg6 hxg6 22.Rxg6+ Kf7
23.Rgxf6+ Bxf6 24.Rxf6+ Kg8 25.Rg6+  1-0

[Event "BCF-ch"]
[Site "Chester"]
[Date "1979.??.??"]
[Round "11"]
[White "Littlewood, John Eric"]
[Black "Nunn, John DM"]
[Result "0-1"]
[WhiteElo "2375"]
[BlackElo "2500"]

1.e4 c5 2.Nf3 d6 3.d4 Nf6 4.Nc3 cxd4 5.Nxd4 a6 6.Bg5 e6 7.Qf3 h6 8.Be3 Nbd7
9.Qg3 e5 10.Nb3 b5 11.f3 Qc7 12.Qf2 b4 13.Nd1 d5 14.Bd3 dxe4 15.fxe4 Be7
16.O-O O-O 17.Qe2 a5 18.Kh1 a4 19.Nd2 Nc5 20.Nf2 Ne6 21.Nc4 Bc5 22.Ng4 Nxg4
23.Qxg4 Nf4 24.Qf3 Bxe3 25.Nxe3 Nxd3 26.cxd3 Be6 27.Qg3 Rad8 28.a3 Rxd3 29.axb4 Qb7
30.Rxa4 Qxe4 31.Ra3 Rfd8 32.Re1 Qxb4 33.Rxd3 Rxd3 34.Nc2 Qd2  0-1

[Event "Dortmund"]
[Site "Dortmund"]
[Date "1979.??.??"]
[Round "1"]
[White "Nunn, John DM"]
[Black "Jansa, Vlastimil"]
[Result "1-0"]
[WhiteElo "2500"]
[BlackElo "2495"]

1.e4 c5 2.Nf3 d6 3.d4 cxd4 4.Nxd4 Nf6 5.Nc3 e6 6.g4 Nc6 7.g5 Nd7 8.h4 Nxd4
9.Qxd4 Ne5 10.Be2 Nc6 11.Qd3 Be7 12.Bf4 O-O 13.O-O-O e5 14.Be3 Be6 15.Nd5 Qa5
16.a3 Bxd5 17.Qxd5 Qxd5 18.Rxd5 a6 19.c3 b5 20.b4 Nd8 21.f4 exf4 22.Bxf4 Rc8
23.Kb2 f6 24.Be3 Nf7 25.a4 bxa4 26.Bxa6 Ra8 27.Be2 fxg5 28.hxg5 Ne5 29.Ra1 Rfc8
30.Ra5 Rxa5 31.bxa5 Rb8+ 32.Kc2 Nf7 33.Bc4 a3 34.Rf1 d5 35.Bxd5 Rb2+ 36.Kd3 Bf6
37.gxf6 a2 38.fxg7 Rb1 39.Rxf7 Rd1+ 40.Bd2  1-0

[Event "Dortmund"]
[Site "Dortmund"]
[Date "1979.??.??"]
[Round "2"]
[White "Boehmfeldt, Bruno"]
[Black "Nunn, John DM"]
[Result "1/2-1/2"]
[WhiteElo "2230"]
[BlackElo "2500"]

1.e4 c5 2.Nf3 d6 3.d4 cxd4 4.Nxd4 Nf6 5.Nc3 a6 6.Bg5 e6 7.f4 Qb6 8.Qd2 Qxb2
9.Rb1 Qa3 10.f5 Nc6 11.fxe6 fxe6 12.Nxc6 bxc6 13.e5 dxe5 14.Bxf6 gxf6 15.Ne4 Be7
16.Be2 h5 17.O-O f5 18.Bf3 fxe4 19.Bxe4 Bd7 20.Rf3 Qc5+ 21.Kh1 Rg8 22.Rd3 Rg4
23.Rxd7 Rxe4 24.Rbb7 Rf4 25.Qd1 Rf5 26.h3 Kf8 27.Qc1 Rf4 28.g3 Rf6 29.Rxe7 Qd5+
30.Kg1 Qd4+ 31.Kh1 Qe4+ 32.Kg1 Qf3 33.Rf7+ Rxf7 34.Qh6+ Kg8 35.Qg6+ Kf8 36.Qh6+ Kg8  1/2-1/2

[Event "Dortmund"]
[Site "Dortmund"]
[Date "1979.??.??"]
[Round "3"]
[White "Nunn, John DM"]
[Black "Miles, Anthony J"]
[Result "1/2-1/2"]
[WhiteElo "2500"]
[BlackElo "2560"]

1.e4 e6 2.d4 d5 3.exd5 exd5 4.Bd3 Bd6 5.Ne2 Ne7 6.Bf4 Bf5 7.c3 O-O 8.O-O Re8
9.Bxd6 Qxd6 10.Ng3 Bxd3 11.Qxd3 Qg6 12.Qxg6 hxg6 13.Nd2 Nd7 14.Rfe1 Nf5  1/2-1/2

[Event "Dortmund"]
[Site "Dortmund"]
[Date "1979.??.??"]
[Round "5"]
[White "Nunn, John DM"]
[Black "Ghinda, Mihail Viorel"]
[Result "1/2-1/2"]
[WhiteElo "2500"]
[BlackElo "2455"]

1.e4 c5 2.Nf3 d6 3.d4 cxd4 4.Nxd4 Nf6 5.Nc3 e6 6.g4 h6 7.g5 hxg5 8.Bxg5 Nc6
9.Qd2 Qb6 10.Nb3 a6 11.O-O-O Qc7 12.f4 b5 13.Bg2 b4 14.Na4 e5 15.fxe5 dxe5
16.h3 Be6 17.Qf2 Nd7 18.Be3 Na5 19.Kb1 Nc4 20.Nac5 Nxc5 21.Bxc5 Rc8 22.Bxf8 Kxf8
23.Nc5 Rh6 24.Nxe6+ Rxe6 25.Rd3 Rf6 26.Bf3 Nd6 27.Qd2 a5 28.Rd1 Nc4 29.Qe2 Rd6
30.Rxd6 Nxd6 31.Rd5 Ne8 32.Bg4 Rd8 33.Qd2 Rxd5 34.Qxd5 Nf6 35.Qa8+ Ke7 36.Be2 Qb6
37.Bd1 g6 38.b3 Qd4 39.Bf3 Qe3 40.Qxa5 Qe1+ 41.Kb2 Qc3+ 42.Kb1  1/2-1/2

[Event "Dortmund"]
[Site "Dortmund"]
[Date "1979.??.??"]
[Round "6"]
[White "Perecz, Laszlo"]
[Black "Nunn, John DM"]
[Result "0-1"]
[WhiteElo "2315"]
[BlackElo "2500"]

1.e4 g6 2.d4 Bg7 3.Nc3 d6 4.f4 Nf6 5.Nf3 O-O 6.e5 Nfd7 7.h4 c5 8.h5 cxd4
9.hxg6 dxc3 10.gxf7+ Rxf7 11.Bc4 e6 12.Ng5 Nxe5 13.Qh5 h6 14.fxe5 hxg5 15.Qh7+ Kf8
16.Qh8+ Bxh8 17.Rxh8+ Kg7 18.Rxd8 Nc6 19.Rxd6 Nxe5 20.Be2 Rd7 21.Rxe6 Rd1+
22.Kxd1 Bxe6 23.Bxg5 Rh8  0-1

[Event "Dortmund"]
[Site "Dortmund"]
[Date "1979.??.??"]
[Round "7"]
[White "Nunn, John DM"]
[Black "Gerusel, Mathias"]
[Result "1/2-1/2"]
[WhiteElo "2500"]
[BlackElo "2425"]

1.e4 c5 2.Nf3 Nf6 3.Nc3 Nc6 4.d4 d5 5.exd5 Nxd5 6.Nxd5 Qxd5 7.Be3 cxd4 8.Nxd4 Nxd4
9.Qxd4 Qxd4 10.Bxd4 Bd7 11.Bd3 Bc6 12.O-O e6 13.f3 h5 14.a4 a6 15.Rfb1 a5
16.Bb5 Rc8 17.c3 h4 18.Rd1 Rh5  1/2-1/2

[Event "Dortmund"]
[Site "Dortmund"]
[Date "1979.??.??"]
[Round "8"]
[White "Nikolac, Juraj"]
[Black "Nunn, John DM"]
[Result "0-1"]
[WhiteElo "2450"]
[BlackElo "2500"]

1.Nf3 d5 2.c4 e6 3.g3 c5 4.Bg2 Nc6 5.O-O Nf6 6.cxd5 exd5 7.d4 Be7 8.Nc3 O-O
9.Bg5 cxd4 10.Nxd4 h6 11.Be3 Re8 12.Rc1 Bf8 13.Nxc6 bxc6 14.Bd4 Nh7 15.Na4 Bg4
16.Re1 Qd7 17.Bc5 Ng5 18.Bxf8 Kxf8 19.Nc5 Qf5 20.Nb3 Rac8 21.f3 Bh3 22.Qc2 Qe6
23.Bxh3 Qxh3 24.Nd4 c5 25.Nf5 Re5 26.Nd6 Rc6 27.f4 Re6 28.fxg5 Rexd6 29.Qh7 Rg6
30.Qh8+ Ke7 31.Qb8 Rxg5 32.Qxa7+ Kf8 33.Qb8+ Rc8 34.Qd6+ Kg8 35.e4 d4 36.Rf1 Re8
37.Qc7 Qh5 38.Rf4 Rge5 39.Rcf1 f6 40.Qc6 Qe2 41.R1f2 Qe1+ 42.Kg2 d3 43.Qd7 c4
44.b3 Rxe4 45.bxc4 Rxf4 46.Qd5+ Kh8 47.gxf4 Qe3 48.c5 f5 49.Qf3 Qd4 50.c6 d2
51.Rf1 Kh7 52.c7 Rc8 53.Qb7 Qd7 54.Rd1 Rxc7 55.Qb2 Qd5+ 56.Kf2 Rd7 57.Qe5 Qd3
58.Qe3 Qc2 59.Qb3 Qc5+  0-1

[Event "Dortmund"]
[Site "Dortmund"]
[Date "1979.??.??"]
[Round "9"]
[White "Nunn, John DM"]
[Black "Borik, Otto"]
[Result "1-0"]
[WhiteElo "2500"]
[BlackElo "2395"]

1.e4 c5 2.Nf3 Nc6 3.d4 cxd4 4.Nxd4 Nf6 5.Nc3 e5 6.Ndb5 d6 7.Bg5 a6 8.Na3 b5
9.Nd5 Be7 10.Bxf6 Bxf6 11.c3 Bg5 12.Nc2 Rb8 13.a4 bxa4 14.Ncb4 Nxb4 15.Nxb4 O-O
16.Nc6 Qb6 17.Nxb8 Qxb2 18.Be2 Qxc3+ 19.Kf1 Be6 20.h4 Bh6 21.Nxa6 a3 22.g3 a2
23.Kg2 Bd2 24.Qa4 Qb2 25.Nc7 Bb3 26.Qb5 Bc3 27.Bc4 Bd4 28.Rhf1  1-0

[Event "Dortmund"]
[Site "Dortmund"]
[Date "1979.??.??"]
[Round "10"]
[White "Bouaziz, Slim"]
[Black "Nunn, John DM"]
[Result "1/2-1/2"]
[WhiteElo "2420"]
[BlackElo "2500"]

1.e4 g6 2.d4 Bg7 3.Nf3 d6 4.Nc3 Nf6 5.Be2 O-O 6.O-O Nbd7 7.Bf4 c5 8.d5 a6
9.a4 Qc7 10.Qd2 b6 11.h3 Bb7 12.Rfe1 Rad8 13.Bf1 Ne5 14.Nh4 e6 15.dxe6 fxe6
16.Rad1 Qe7 17.Bxe5 dxe5 18.Qg5 Rd4 19.Nf3 Qe8 20.Nxe5 Nxe4 21.Nxe4 Rxd1
22.Rxd1 Bxe4 23.Bxa6 h6 24.Qg3 Qxa4 25.Bd3 Bxd3 26.Rxd3 g5 27.Qg4 Qxg4 28.Nxg4  1/2-1/2

[Event "Dortmund"]
[Site "Dortmund"]
[Date "1979.??.??"]
[Round "11"]
[White "Nunn, John DM"]
[Black "Giorgadze, Tamaz"]
[Result "1/2-1/2"]
[WhiteElo "2500"]
[BlackElo "2535"]

1.e4 c5 2.Nf3 Nc6 3.d4 cxd4 4.Nxd4 g6 5.c4 Nf6 6.Nc3 Nxd4 7.Qxd4 d6 8.Bg5 Bg7
9.Be2 Qa5 10.Qd2 Be6 11.f3 Rc8 12.Nd5 Qxd2+ 13.Kxd2 Nxd5 14.cxd5 Bd7  1/2-1/2

[Event "Hastings7980"]
[Site "Hastings"]
[Date "1979.??.??"]
[Round "1"]
[White "Christiansen, Larry Mark"]
[Black "Nunn, John DM"]
[Result "1/2-1/2"]
[WhiteElo "2475"]
[BlackElo "2500"]

1.Nf3 Nf6 2.d4 c5 3.d5 e6 4.c4 exd5 5.cxd5 d6 6.Nc3 g6 7.g3 Bg7 8.Bg2 O-O
9.O-O Qe7 10.Bf4 Nbd7 11.e4 Ng4 12.Qd2 Nge5 13.Bh6 Nxf3+ 14.Bxf3 Ne5 15.Be2 f5
16.Bxg7 Qxg7 17.f4 Nf7 18.Rad1 fxe4 19.Nxe4 Bf5 20.Bf3 Rae8 21.Rfe1 Bxe4
22.Bxe4 g5 23.Kh1 Kh8 24.Bb1 gxf4 25.gxf4 Rxe1+ 26.Rxe1 Nh6 27.Re6 Ng4 28.Qg2 Qd4
29.Qxg4 Rg8 30.Rg6 Rxg6 31.Bxg6 Qxd5+ 32.Kg1 hxg6 33.Qxg6 Qd4+ 34.Kg2 Qxb2+
35.Kf3 Qc3+ 36.Ke2 Qc4+ 37.Ke3 Qc1+ 38.Kf3 Qf1+ 39.Ke3 Qh3+ 40.Ke2 Qxh2+
41.Ke3 Qh3+ 42.Ke2 Qh2+ 43.Ke3 Qh3+ 44.Ke2 Qh7 45.Qxd6 Qe4+ 46.Kd2 Kg7 47.Qxc5 Qxf4+
48.Kc2 Qe4+ 49.Kb2 a6 50.Qc7+ Kf6 51.Qd6+ Kf5 52.Qf8+ Kg4 53.Qh8 Kg3 54.a3 Kg2
55.Kc3 Qf3+ 56.Kb4 Qf4+ 57.Kb3 Kf2 58.Qc8 Qe4 59.Qc5+ Ke2 60.Kb2 b5 61.Qb6 Qe5+
62.Kc2 Qe4+  1/2-1/2

[Event "Hastings7980"]
[Site "Hastings"]
[Date "1979.??.??"]
[Round "2"]
[White "Giorgadze, Tamaz"]
[Black "Nunn, John DM"]
[Result "1/2-1/2"]
[WhiteElo "2535"]
[BlackElo "2500"]

1.d4 Nf6 2.c4 c5 3.d5 e6 4.Nc3 exd5 5.cxd5 d6 6.Nf3 g6 7.e4 Bg7 8.Be2 O-O
9.O-O Re8 10.Nd2 Nbd7 11.h3 a6 12.a4 g5 13.Re1 Ne5 14.Nf1 h6 15.Ng3 Rb8 16.Ra3 g4  1/2-1/2

[Event "Hastings7980"]
[Site "Hastings"]
[Date "1979.??.??"]
[Round "6"]
[White "Andersson, Ulf"]
[Black "Nunn, John DM"]
[Result "1/2-1/2"]
[WhiteElo "2560"]
[BlackElo "2500"]

1.Nf3 Nf6 2.c4 e6 3.g3 d5 4.Bg2 c5 5.cxd5 exd5 6.d4 Nc6 7.O-O Be7 8.dxc5 Bxc5
9.Bg5 Be6 10.Nc3 d4 11.Ne4 Be7 12.Bxf6 Bxf6 13.Qd2 O-O 14.Rfd1 Bd5 15.Nxf6+ Qxf6
16.Nxd4 Bxg2 17.Kxg2 Rad8 18.e3 Nxd4 19.exd4 Rd5 20.Rac1 Rfd8 21.Qb4 b6 22.Rc7 Rf5
23.Rd2 Qe6 24.Qe7 Qd5+ 25.Kg1 h5 26.h4 Rd6 27.Qe1 Qxa2 28.Qe8+ Kh7 29.Qe4 Qd5
30.Qxd5 Rfxd5 31.Rxf7 Rxd4 32.Rxd4 Rxd4 33.Rxa7 Rb4 34.Ra2 Kg6 35.Kf1 Kf5
36.Ke1 Rb3 37.Kd1 Ke4 38.Kc1 Kf3 39.Ra7 Kxf2 40.Rxg7 Rxg3 41.Rh7 Rh3 42.Rxh5 Ke3
43.Rd5 Rxh4 44.Kc2 Ke4 45.Rb5 Rh3 46.b3 Kd4 47.Kb2 Rh8  1/2-1/2

[Event "Hastings7980"]
[Site "Hastings"]
[Date "1979.??.??"]
[Round "7"]
[White "Nunn, John DM"]
[Black "Bellin, Robert"]
[Result "1-0"]
[WhiteElo "2500"]
[BlackElo "2425"]

1.e4 e5 2.Nf3 Nc6 3.Bc4 Nf6 4.d3 Be7 5.O-O O-O 6.Nbd2 d6 7.c3 Nd7 8.Re1 Bf6
9.Nf1 Nb6 10.Bb3 Be6 11.Ne3 Bxb3 12.Qxb3 Qd7 13.Bd2 Rae8 14.a4 Qc8 15.a5 Nd7
16.Qc4 a6 17.Nd5 Bd8 18.d4 Ne7 19.Ne3 c6 20.b4 Bc7 21.Qb3 Nf6 22.Nf1 exd4
23.cxd4 d5 24.e5 Ne4 25.Ng3 Nxg3 26.hxg3 Qg4 27.Re2 Nc8 28.Rae1 Bd8 29.Qc3 Na7
30.Nh2 Qg6 31.g4 Nb5 32.Qe3 f5 33.gxf5 Rxf5 34.f4 h5 35.g3 Qe6 36.Rg2 Kf7
37.Qd3 Rh8 38.Nf1 Ke8 39.Ne3 g6 40.Nxf5 gxf5 41.Rh2 Rh6 42.Be3 Be7 43.g4 hxg4
44.Rxh6 Qxh6 45.Qxf5 Qh3 46.Bf2 Nxd4 47.Qc8+ Bd8 48.Re3 Nf3+ 49.Rxf3 Qxf3
50.e6 Qd1+ 51.Kh2 g3+ 52.Kg2  1-0

[Event "Hastings7980"]
[Site "Hastings"]
[Date "1979.??.??"]
[Round "8"]
[White "Short, Nigel D"]
[Black "Nunn, John DM"]
[Result "1-0"]
[WhiteElo "2260"]
[BlackElo "2500"]

1.e4 d6 2.d4 g6 3.Nc3 Bg7 4.Bc4 Nc6 5.Nf3 Nf6 6.h3 O-O 7.Qe2 Nd7 8.Be3 Nb6
9.Bb3 Na5 10.O-O c6 11.Rfe1 d5 12.exd5 cxd5 13.Bf4 e6 14.Nd1 Nbc4 15.c3 Nxb3
16.axb3 Nd6 17.Ne3 b6 18.Ng4 f6 19.Ne3 Bb7 20.Nf1 Re8 21.Qc2 Qd7 22.Re3 Bc6
23.Rd1 Rac8 24.g4 Ne4 25.N1d2 Qf7 26.Nxe4 dxe4 27.Nd2 g5 28.Bh2 f5 29.Nc4 f4
30.Rxe4 Bxe4 31.Qxe4 Qd7 32.f3 b5 33.Nd2 b4 34.Nc4 Rb8 35.Qc2 Red8 36.Re1 bxc3
37.bxc3 Qb5 38.Nd2 Rbc8 39.Nc4 Rb8 40.Nd2 Rdc8 41.Re4 Qa5 42.Nc4 Rxc4  1-0

[Event "Hastings7980"]
[Site "Hastings"]
[Date "1979.??.??"]
[Round "9"]
[White "Nunn, John DM"]
[Black "Makarichev, Sergey"]
[Result "1/2-1/2"]
[WhiteElo "2500"]
[BlackElo "2500"]

1.e4 e5 2.Bc4 Nf6 3.d3 c6 4.Qe2 Be7 5.Nf3 O-O 6.O-O d6 7.Re1 Nbd7 8.Nbd2 b5
9.Bb3 Nc5 10.a4 Nxb3 11.Nxb3 b4 12.Nbd2 Be6 13.b3  1/2-1/2